000 01135nam a2200265 a 4500
001 71236
003 BD-RjUL
005 20211209082106.0
008 170429s1956 ii a|||| |||| 000 0 ben d
020 _c: IRs. 7.00
035 _a(BD-RjUL)71451
040 _aBD-RjUL
_bben
_cBD-RjUL
_dBD-RjUL
041 _aben
082 _223
_a915.496
_bSAD V-1 1956
100 1 _aসান্যাল, প্রবোধকুমার
_9137349
245 1 0 _aদেবতাত্মা হিমালয় /
_cপ্রবোধকুমার সান্যাল
250 _a৫ম সং.
260 _aকলিকাতা :
_bবেঙ্গল পাবলিশার্স,
_c১৯৫৬ (জ্যৈষ্ঠ ১৩৬৩)
300 _a খণ্ড :
_bচিত্র ;
_c২২ সেমি.
500 _a"[শ্রীজওয়াহরলাল নেহরুর মুখবন্ধ সম্বলিত]"
505 0 _a খণ্ড ১ -- খণ্ড ২ --
650 _aভ্রমণ
_zহিমালয় পর্বত
_9210769
650 _aTravel
_zHimalaya Mountain
_9210770
942 _2ddc
_cBK
999 _c71236
_d71236